<?xml version="1.0" encoding="UTF-8"?>
<record
    xmlns:xsi="http://www.w3.org/2001/XMLSchema-instance"
    xsi:schemaLocation="http://www.loc.gov/MARC21/slim http://www.loc.gov/standards/marcxml/schema/MARC21slim.xsd"
    xmlns="http://www.loc.gov/MARC21/slim">

  <leader>01109nam a2200325 u 4500</leader>
  <controlfield tag="001">957235</controlfield>
  <controlfield tag="005">20260506155926.0</controlfield>
  <controlfield tag="008">051129s2004                        spa  </controlfield>
  <datafield tag="020" ind1=" " ind2=" ">
    <subfield code="a">8484447871</subfield>
  </datafield>
  <datafield tag="035" ind1=" " ind2=" ">
    <subfield code="a">957235</subfield>
  </datafield>
  <datafield tag="035" ind1=" " ind2=" ">
    <subfield code="a">(OCoLC)777913891</subfield>
  </datafield>
  <datafield tag="040" ind1=" " ind2=" ">
    <subfield code="c">comduadb</subfield>
  </datafield>
  <datafield tag="041" ind1=" " ind2=" ">
    <subfield code="a">spa</subfield>
  </datafield>
  <datafield tag="082" ind1=" " ind2="4">
    <subfield code="a">340</subfield>
  </datafield>
  <datafield tag="100" ind1="1" ind2="0">
    <subfield code="a">Pound, Roscoe,</subfield>
    <subfield code="d">1870-1964</subfield>
    <subfield code="4">aut</subfield>
    <subfield code="0">(isni)0000 0001 0884 9517</subfield>
    <subfield code="0">(viaf)32057950</subfield>
    <subfield code="e">aut</subfield>
    <subfield code="9">416091</subfield>
  </datafield>
  <datafield tag="245" ind1="1" ind2="4">
    <subfield code="a">Las grandes tendencias del pensamiento juridico</subfield>
  </datafield>
  <datafield tag="260" ind1=" " ind2=" ">
    <subfield code="a">Barcelona :</subfield>
    <subfield code="b">Comares,</subfield>
    <subfield code="c">2004.</subfield>
  </datafield>
  <datafield tag="300" ind1=" " ind2=" ">
    <subfield code="a">193 p&#xE1;ginas</subfield>
  </datafield>
  <datafield tag="490" ind1="0" ind2=" ">
    <subfield code="a">Coleccion Critica del Derecho ;</subfield>
    <subfield code="v">50</subfield>
  </datafield>
  <datafield tag="650" ind1=" " ind2="7">
    <subfield code="a">Derecho</subfield>
    <subfield code="x">Historia</subfield>
    <subfield code="2">embne</subfield>
    <subfield code="9">43952</subfield>
  </datafield>
  <datafield tag="650" ind1=" " ind2="7">
    <subfield code="a">Filosof&#xED;a del derecho</subfield>
    <subfield code="2">lemb</subfield>
    <subfield code="9">38249</subfield>
  </datafield>
  <datafield tag="650" ind1=" " ind2="7">
    <subfield code="a">Jurisprudencia</subfield>
    <subfield code="2">armarc</subfield>
    <subfield code="9">39921</subfield>
  </datafield>
  <datafield tag="650" ind1=" " ind2=" ">
    <subfield code="a">Pensamiento juridico</subfield>
    <subfield code="9">56913</subfield>
  </datafield>
  <datafield tag="650" ind1=" " ind2=" ">
    <subfield code="a">Escuelas de derecho</subfield>
    <subfield code="9">22689</subfield>
  </datafield>
  <datafield tag="650" ind1=" " ind2=" ">
    <subfield code="a">Ideologia juridica</subfield>
    <subfield code="9">101071</subfield>
  </datafield>
  <datafield tag="650" ind1=" " ind2="7">
    <subfield code="a">Teor&#xED;a del derecho</subfield>
    <subfield code="2">lemb</subfield>
    <subfield code="9">5351</subfield>
  </datafield>
  <datafield tag="700" ind1="1" ind2="0">
    <subfield code="a">Puig Brutau, Jos&#xE9;,</subfield>
    <subfield code="d">1909-2003</subfield>
    <subfield code="4">trl</subfield>
    <subfield code="0">(isni)0000 0001 0879 6945</subfield>
    <subfield code="0">(viaf)24668392</subfield>
    <subfield code="e">trl</subfield>
  </datafield>
  <datafield tag="700" ind1="1" ind2="0">
    <subfield code="a">Monereo P&#xE9;rez, Jos&#xE9; Luis</subfield>
    <subfield code="4">edt</subfield>
    <subfield code="e">edt</subfield>
    <subfield code="9">512991</subfield>
  </datafield>
  <datafield tag="942" ind1=" " ind2=" ">
    <subfield code="c">BOOK</subfield>
  </datafield>
  <datafield tag="999" ind1=" " ind2=" ">
    <subfield code="c">371730</subfield>
    <subfield code="d">371730</subfield>
  </datafield>
  <datafield tag="952" ind1=" " ind2=" ">
    <subfield code="0">0</subfield>
    <subfield code="1">0</subfield>
    <subfield code="4">0</subfield>
    <subfield code="7">0</subfield>
    <subfield code="8">GEN</subfield>
    <subfield code="a">BC</subfield>
    <subfield code="b">BC</subfield>
    <subfield code="d">2005-11-29</subfield>
    <subfield code="e">Mundo XXI</subfield>
    <subfield code="g">110250.00</subfield>
    <subfield code="i">C890309</subfield>
    <subfield code="l">0</subfield>
    <subfield code="o">340.1 P876</subfield>
    <subfield code="p">0583195</subfield>
    <subfield code="r">2023-04-26 00:00:00</subfield>
    <subfield code="t">1</subfield>
    <subfield code="w">2023-04-26</subfield>
    <subfield code="y">BOOK</subfield>
  </datafield>
</record>
